Welcome to WEB OPAC of MRSPTU Central Library

Multimedia : Computing, Communications and Applications (Record no. 6370)

MARC details
000 -LEADER
fixed length control field 00468nam a2200181Ia 4500
008 - FIXED-LENGTH DATA ELEMENTS--GENERAL INFORMATION
fixed length control field 230711s9999||||xx |||||||||||||| ||und||
020 ## - INTERNATIONAL STANDARD BOOK NUMBER
International Standard Book Number 978-81-775-8441-7
041 ## - LANGUAGE CODE
Language code of text/sound track or separate title ENG
082 ## - DEWEY DECIMAL CLASSIFICATION NUMBER
Classification number 621.382
Item number ST-M
100 ## - MAIN ENTRY--PERSONAL NAME
Personal name Steinmetz,Ralf
245 #0 - TITLE STATEMENT
Title Multimedia : Computing, Communications and Applications
250 ## - EDITION STATEMENT
Edition statement 5th Ed.
260 ## - PUBLICATION, DISTRIBUTION, ETC.
Date of publication, distribution, etc. 2013
Place of publication, distribution, etc. New Delhi
Name of publisher, distributor, etc. Pearson
300 ## - PHYSICAL DESCRIPTION
Extent 854p.
650 ## - SUBJECT ADDED ENTRY--TOPICAL TERM
Topical term or geographic name entry element Computer Engineering
700 ## - ADDED ENTRY--PERSONAL NAME
Personal name Nahrstedt,Klara
942 ## - ADDED ENTRY ELEMENTS (KOHA)
Koha item type Book
Holdings
Withdrawn status Lost status Damaged status Not for loan Collection Home library Current library Date acquired Source of acquisition Cost, normal purchase price Inventory number Total checkouts Full call number Barcode Date last seen Price effective from Koha item type
          MRSPTU Central Library MRSPTU Central Library   Krishna Book Distributors 849.00 KBD/2016-2017/960742808   621.382 ST-M 37245 08/17/2023 08/17/2023 Book
          MRSPTU Central Library MRSPTU Central Library   Krishna Book Distributors 849.00 KBD/2016-2017/960742808   621.382 ST-M 37246 08/17/2023 08/17/2023 Book
          MRSPTU Central Library MRSPTU Central Library   Krishna Book Distributors 849.00 KBD/2016-2017/960742808   621.382 ST-M 37247 08/17/2023 08/17/2023 Book
          MRSPTU Central Library MRSPTU Central Library   Krishna Book Distributors 849.00 KBD/2016-2017/960742808   621.382 ST-M 37248 08/17/2023 08/17/2023 Book
          MRSPTU Central Library MRSPTU Central Library   Krishna Book Distributors 849.00 KBD/2016-2017/960742808   621.382 ST-M 37249 08/17/2023 08/17/2023 Book

Website Designed and Developed by MRSPTU Central Library Team

E-mail Id: librarian@mrsptu.ac.in